[Event "Bundesliga 1987/88 (2nd)"]
[Site "masterchessopen.com - Germany"]
[Round "0"]
[White "Boehm Juergen (GER)"]
[Black "Sandmann Bernd (GER)"]
[Result "0-1"]
[WhiteElo "2218"]
[BlackElo "2235"]

1.d4 c5 2.d5 e5 3.dxe6 fxe6 4.e4 Nc6 5.Nc3 Nf6 6.Bg5 Be7 7.f4 O-O 8.Nf3 d5
9.e5 Ng4 10.Bxe7 Qxe7 11.Qd2 d4 12.Nd1 Nb4 13.Bd3 Nd5 14.g3 b6 15.Qe2 g6
16.Nxd4 Nxf4 17.Qxg4 Nxd3+ 18.cxd3 cxd4 19.Qxd4 Bb7 20.Rf1 Rfd8 21.Qe3 Ba6
22.Nf2 Qb4+ 23.Qd2 Qd4 24.O-O-O Rf8 25.Kb1 Rf3 26.Rde1 Raf8 27.Re2 Bxd3+
28.Ka1 Qd5 {#R} 0-1

[Event "It (open)"]
[Site "masterchessopen.com - Lugano (Switzerland)"]
[Round "0"]
[White "Gulko Boris F (USA)"]
[Black "Zimmermann Frank (GER)"]
[Result "1-0"]
[WhiteElo "2590"]
[BlackElo "2295"]

1.d4 c5 2.d5 e5 3.e4 d6 4.Bb5+ Nd7 5.a4 Ne7 6.Nf3 g6 7.Nbd2 Qc7 8.Nc4 f6 9.a5
Bg7 10.O-O O-O 11.Ra3 h6 12.Nh4 f5 13.f4 fxe4 14.Rg3 exf4 15.Bxf4 Rf6 16.Qd2
Kh7 17.c3 Nf8 18.Bxd6 Rxd6 19.Qf4 g5 20.Qxd6 Qxd6 21.Nxd6 gxh4 22.Rxg7+ Kxg7
23.Rf7+ Kg6 24.Rxe7 {#r} 1-0

[Event "It (open)"]
[Site "masterchessopen.com - Lyngby (Denmark)"]
[Round "8"]
[White "Olesen Martin (DEN)"]
[Black "Thuesen Mogens (DEN)"]
[Result "1-0"]
[WhiteElo "2304"]
[BlackElo "2271"]

1.d4 c5 2.d5 e5 3.e4 d6 4.Nc3 a6 5.a4 g6 6.Bd3 h5 7.Nge2 Bh6 8.O-O Bxc1 9.Qxc1
Nd7 10.f4 exf4 11.e5 dxe5 12.Nxf4 Qb6 13.a5 Qa7 14.Bxg6 c4+ 15.Kh1 Ndf6
16.Nxh5 fxg6 17.Qg5 Rxh5 18.Qxg6+ Ke7 19.d6+ Ke6 20.Rxf6+ Nxf6 21.Rf1 Kxd6
22.Rxf6+ Kc5 23.Qxh5 Qb8 24.Qf7 {#r} 1-0

[Event "It (open)"]
[Site "masterchessopen.com - Mendrisio (Switzerland)"]
[Round "4"]
[White "Gerber Richard (SUI)"]
[Black "Bevilacqua Roberto (ITA)"]
[Result "1-0"]
[WhiteElo "2370"]
[BlackElo "2193"]

1.d4 c5 2.d5 e5 3.e4 d6 4.f4 exf4 5.Bxf4 Be7 6.Nf3 Bg4 7.Bb5+ Nd7 8.O-O a6
9.Bxd7+ Qxd7 10.Nbd2 b5 11.a4 Bf6 12.axb5 Qxb5 13.Bxd6 O-O-O 14.Bg3 {#r} 1-0

[Event "It (open)"]
[Site "masterchessopen.com - Mendrisio (Switzerland)"]
[Round "8"]
[White "Schaufelberger Heinz (SUI)"]
[Black "Bevilacqua Roberto (ITA)"]
[Result "0-1"]
[WhiteElo "2312"]
[BlackElo "2193"]

1.d4 c5 2.d5 e5 3.c4 d6 4.Nc3 Be7 5.e4 Bg5 6.Bd3 Bxc1 7.Qxc1 Ne7 8.a3 Ng6 9.g3
O-O 10.Qc2 a6 11.Nf3 Bh3 12.Nd2 Nd7 13.f3 Qg5 14.Kf2 Ne7 15.Bf1 Bxf1 16.Raxf1
f5 17.exf5 Nxf5 18.Qd3 Nf6 19.Nce4 Nxe4+ 20.Nxe4 Qg6 21.Re1 Nd4 22.Re3 b5
23.Nd2 Qh5 24.Kg2 Rf6 25.Ne4 Rh6 26.h4 Nf5 27.Re2 Qg6 28.cxb5 Nxg3 {#R} 0-1

[Event "It (open)"]
[Site "masterchessopen.com - Dieren (Netherlands)"]
[Round "0"]
[White "Brenninkmeijer Joris (NED)"]
[Black "Ostojic Predrag (YUG)"]
[Result "1-0"]
[WhiteElo "2445"]
[BlackElo "2325"]

1.d4 c5 2.d5 e5 3.e4 d6 4.Nc3 a6 5.a4 Be7 6.Nf3 Bg4 7.a5 Nd7 8.g3 Bxf3 9.Qxf3
Bg5 10.Bxg5 Qxg5 11.Bh3 Ngf6 12.Nd1 Qh6 13.Bxd7+ Nxd7 14.Ne3 O-O 15.h4 Rfd8
16.Nf5 Qf6 17.g4 Rf8 18.g5 Qd8 19.Nxd6 g6 20.Qh3 Qe7 21.Nc4 f5 22.O-O-O Rf7
23.h5 Qxg5+ 24.Ne3 Rg7 25.hxg6 fxe4 26.Rdg1 Qf6 27.Nf5 {#r} 1-0

[Event "Bundesliga 1989/90"]
[Site "masterchessopen.com - Germany"]
[Round "0"]
[White "Hertneck Gerald (GER)"]
[Black "Rahls Peter (GER)"]
[Result "1-0"]
[WhiteElo "2547"]
[BlackElo "2244"]

1.d4 c5 2.d5 e5 3.e4 d6 4.Nc3 Be7 5.Nf3 a6 6.a4 Bg4 7.Ra3 Nd7 8.Rb3 b6 9.Bc4
Ngf6 10.Qd3 Bxf3 11.Qxf3 O-O 12.Qe2 Qc8 13.O-O Ne8 14.f4 exf4 15.Bxf4 Bf6
16.Nd1 Qb7 17.Ne3 Be5 18.Nf5 Bxf4 19.Rxf4 Ne5 20.Rh3 b5 21.Rxh7 Kxh7 22.Qh5+
Kg8 23.Rh4 f6 24.Be2 {#r} 1-0

[Event "It (open)"]
[Site "masterchessopen.com - Novi Sad (Yugoslavia)"]
[Round "5"]
[White "Bagaturov Giorgi (GEO)"]
[Black "Hasecic Sabahudin (BIH)"]
[Result "1-0"]
[WhiteElo "2365"]
[BlackElo "2233"]

1.d4 c5 2.d5 e5 3.e4 d6 4.Bb5+ Nd7 5.a4 a6 6.Be2 g6 7.Nc3 Bg7 8.h4 h5 9.Nf3 b6
10.Nd2 Bh6 11.Nc4 Ndf6 12.Rb1 Kf8 13.b4 Kg7 14.bxc5 bxc5 15.Rb6 Ne8 16.Bxh6+
Nxh6 17.Qd2 Ng4 18.a5 Rf8 19.f3 Nh6 20.f4 exf4 21.Qxf4 Bg4 22.Nxd6 Bxe2
23.Kxe2 Ra7 24.Nc4 Nf6 25.Rhb1 Re7 26.Qxf6+ {#r} 1-0

[Event "Cup World (open)"]
[Site "masterchessopen.com - Palma de Majorca (Spain)"]
[Round "0"]
[White "Cuevas-Rodriguez Ma Luisa (ESP)"]
[Black "Westerinen Heikki M J (FIN)"]
[Result "0-1"]
[WhiteElo "2185"]
[BlackElo "2435"]

1.d4 c5 2.d5 e5 3.e4 d6 4.f4 exf4 5.Bxf4 Ne7 6.Nf3 Ng6 7.Bg3 Be7 8.Be2 O-O
9.O-O f5 10.exf5 Bxf5 11.Nc3 a6 12.a4 Nd7 13.Bd3 Qb6 14.Kh1 Bg4 15.Bxg6 hxg6
16.Ne4 Rf5 17.h3 Bxf3 18.Rxf3 Raf8 19.Raa3 c4 20.Qe2 Qxb2 21.Nxd6 Rxf3 22.Rxf3
Rxf3 23.Qxf3 Qa1+ 24.Kh2 Ne5 25.Qe3 Bxd6 26.c3 Qxa4 27.Qb6 Nf3+ {#R} 0-1

[Event "It (open) \"]
[Site "masterchessopen.com - Primorsko (Bulgaria)"]
[Round "4"]
[White "Voiska Margarita (BUL)"]
[Black "Nestorova-Petrova Lozanka (BUL)"]
[Result "1-0"]
[WhiteElo "2335"]
[BlackElo "2035"]

1.d4 c5 2.d5 e5 3.c4 d6 4.e4 Be7 5.g3 Nf6 6.Bg2 O-O 7.Ne2 Nbd7 8.O-O Ne8
9.Nbc3 g6 10.f4 Ng7 11.Bd2 a6 12.a4 exf4 13.gxf4 f5 14.Ng3 fxe4 15.Ncxe4 Nf6
16.Ng5 Rb8 17.Qc2 Ng4 18.Rae1 Bf6 19.Bc3 b5 20.axb5 axb5 21.cxb5 Rxb5 22.Ne6
Bxe6 23.dxe6 Qe7 24.Qe2 {#r} 1-0

[Event "Match \"]
[Site "masterchessopen.com - Tallinn (Estonia)"]
[Round "0"]
[White "Norri Joose (FIN)"]
[Black "Raud Rainer (EST)"]
[Result "0-1"]
[WhiteElo "2291"]
[BlackElo "2254"]

1.d4 c5 2.d5 e5 3.e4 d6 4.Nc3 Be7 5.Nf3 Bg4 6.h3 Bxf3 7.Qxf3 Bg5 8.Bxg5 Qxg5
9.Nb5 Qd8 10.Qg4 Kf8 11.Nxd6 Nf6 12.Qf5 Qxd6 13.Qc8+ Ne8 14.Bb5 Ke7 15.O-O-O
a6 16.f4 f6 17.fxe5 fxe5 18.Rhf1 axb5 19.Rf5 g6 20.Qxb7+ Nd7 21.Qxa8 gxf5 {#R}
0-1

[Event "It (open)"]
[Site "masterchessopen.com - Werfen (Austria)"]
[Round "6"]
[White "Vukic Radivoje (SRB)"]
[Black "Brestian Egon (AUT)"]
[Result "1-0"]
[WhiteElo "2336"]
[BlackElo "2389"]

1.d4 c5 2.d5 e5 3.e4 d6 4.Nf3 Na6 5.Bb5+ Bd7 6.a4 Nf6 7.Nc3 Nc7 8.Bxd7+ Qxd7
9.Nd2 g6 10.Nc4 Bg7 11.O-O O-O 12.f4 exf4 13.Bxf4 Nce8 14.h3 Qe7 15.e5 dxe5
16.Bxe5 Nd7 17.Bg3 Nb6 18.d6 Qe6 19.Nxb6 axb6 20.Re1 Qf5 21.Nd5 Qg5 22.Bf4 Qd8
23.d7 {#r} 1-0

[Event "?"]
[Site "masterchessopen.com - Bayamo (Cuba)"]
[Round "4"]
[White "Gomez Adalberto (CUB)"]
[Black "Borges Mateos Juan (CUB)"]
[Result "1-0"]
[WhiteElo "2302"]
[BlackElo "2483"]

1.d4 c5 2.d5 e5 3.e4 d6 4.Bb5+ Nd7 5.c4 Be7 6.Nc3 Nf6 7.Ba4 O-O 8.Bc2 Ne8 9.h4
Ndf6 10.Qe2 g6 11.Bd2 Ng7 12.O-O-O a6 13.Nh3 b5 14.Rdg1 h5 15.f3 bxc4 16.g4
Rb8 17.Nd1 Bd7 18.Bc3 Qc7 19.Ne3 Rb7 20.Qd2 Rfb8 21.Nf5 gxf5 22.gxf5 Ne8
23.Qh6 Bf6 24.Ng5 Qd8 25.Nh7 Bc8 26.Rg2 Bxh4 27.f6 Bxf6 28.Rxh5 {#r} 1-0

[Event "Ch Czechoslovakia"]
[Site "masterchessopen.com - Brno (Czech Republic)"]
[Round "14"]
[White "Gross Stefan (CZE)"]
[Black "Bakalar Petr (CZE)"]
[Result "1-0"]
[WhiteElo "2194"]
[BlackElo "2241"]

1.d4 c5 2.d5 e5 3.e4 d6 4.c4 g6 5.Nc3 Bg7 6.Be2 Ne7 7.h4 f5 8.h5 O-O 9.Nh3 h6
10.hxg6 Nxg6 11.Bh5 Qf6 12.exf5 Bxf5 13.g4 Bd7 14.Ne4 Qh4 15.Bxg6 Bxg4 16.Qc2
Bxh3 17.Qd3 Qg4 18.Bh7+ Kh8 19.Rxh3 Na6 20.a3 Qg1+ 21.Ke2 b5 22.cxb5 {#r} 1-0

[Event "Regionalliga NordN"]
[Site "masterchessopen.com - Germany"]
[Round "0"]
[White "Bohnsack Ralf (GER)"]
[Black "Rabeler Gert (GER)"]
[Result "0-1"]
[WhiteElo "2153"]
[BlackElo "2229"]

1.d4 c5 2.d5 e5 3.c4 d6 4.g3 Be7 5.Bh3 Nd7 6.Nc3 h5 7.e4 h4 8.a3 a6 9.Be3 Nb6
10.Bxc8 Qxc8 11.Qe2 Nf6 12.Nf3 hxg3 13.fxg3 Qg4 14.Nd2 O-O-O 15.b4 Qxe2+
16.Kxe2 Ng4 17.bxc5 dxc5 18.Bg1 Rh3 19.Kd3 Rdh8 20.Nf1 Nd7 21.Nd1 Ndf6 22.Ra2
Nh5 23.Rg2 Nf4+ {#R} 0-1

[Event "Ch Sweden"]
[Site "masterchessopen.com - Goteborg (Sweden)"]
[Round "0"]
[White "Holst Conny (SWE)"]
[Black "Barkhagen Jonas (SWE)"]
[Result "0-1"]
[WhiteElo "2164"]
[BlackElo "2445"]

1.d4 c5 2.d5 e5 3.e4 d6 4.f4 exf4 5.Nf3 g5 6.Bb5+ Bd7 7.Bxd7+ Nxd7 8.h4 g4
9.Ng1 f3 10.gxf3 Be7 11.fxg4 Bxh4+ 12.Kf1 Bg5 13.Nc3 Ne5 14.Nh3 Bxc1 15.Rxc1
Qf6+ 16.Kg2 Qg6 17.g5 h6 18.Qf1 hxg5 19.Qb5+ Kf8 20.Qxb7 Rd8 21.Nf2 Rh4
22.Rcf1 Qh5 23.Rxh4 Qf3+ 24.Kh2 gxh4 25.Ncd1 Qg3+ {#R} 0-1

[Event "It (open) (active)"]
[Site "masterchessopen.com - Kirchheim (Germany)"]
[Round "0"]
[White "Loeffler Stefan (GER)"]
[Black "Beikert Guenther (GER)"]
[Result "0-1"]
[WhiteElo "2424"]
[BlackElo "2432"]

1.d4 c5 2.d5 e5 3.e4 d6 4.Nc3 Be7 5.Nf3 g6 6.Be2 f5 7.g3 Nf6 8.Ng5 O-O 9.exf5
gxf5 10.f4 e4 11.Be3 Na6 12.Qd2 Nc7 13.a4 b6 14.O-O a6 15.g4 h6 16.gxf5 Bxf5
17.Ne6 Nxe6 18.dxe6 d5 19.Rad1 d4 20.Bc4 dxe3 21.Qg2+ Kh8 22.Rxd8 Raxd8 23.Kh1
Rg8 24.Qe2 Rd2 25.Qxe3 Rxh2+ 26.Kxh2 Ng4+ {#R} 0-1

[Event "It"]
[Site "masterchessopen.com - Rishon le Zion (Israel)"]
[Round "0"]
[White "Manor Ilan (ISR)"]
[Black "Boim Inon (ISR)"]
[Result "0-1"]
[WhiteElo "2450"]
[BlackElo "2340"]

1.d4 c5 2.d5 e5 3.e4 d6 4.Nc3 Be7 5.Nf3 a6 6.a4 Bg4 7.Be2 Bxf3 8.Bxf3 Bg5
9.O-O Bxc1 10.Qxc1 Ne7 11.a5 {#R} 0-1

[Event "It (cat.8)"]
[Site "masterchessopen.com - Santa Clara (Cuba)"]
[Round "9"]
[White "Borges Mateos Juan (CUB)"]
[Black "Garcia Gonzales Guillermo (CUB)"]
[Result "1-0"]
[WhiteElo "2483"]
[BlackElo "2510"]

1.d4 c5 2.d5 e5 3.e4 d6 4.c4 Be7 5.Nc3 Bg5 6.Bxg5 Qxg5 7.Nf3 Qd8 8.Be2 Ne7
9.O-O Ng6 10.Ne1 O-O 11.Bg4 Nd7 12.g3 Nb6 13.b3 f5 14.Bxf5 Bxf5 15.exf5 Rxf5
16.Ng2 Nd7 17.Ne4 Ndf8 18.h4 h6 19.Qg4 Rf7 20.h5 Nh8 21.f4 Qe7 22.Rae1 exf4
23.Nxf4 Qe5 24.Ne6 {#r} 1-0

[Event "It (open)"]
[Site "masterchessopen.com - Aviles (Spain)"]
[Round "1"]
[White "Diaz Fernandez Ivan (ESP)"]
[Black "Cenal Gutierrez Ruben (ESP)"]
[Result "0-1"]
[WhiteElo "2249"]
[BlackElo "2288"]

1.d4 c5 2.d5 e5 3.e4 d6 4.Nc3 Ne7 5.Bd3 Ng6 6.Nge2 Be7 7.O-O O-O 8.f4 exf4
9.Nxf4 Ne5 10.Be2 a6 11.a4 Nbd7 12.Nd3 c4 13.Nxe5 Nxe5 14.Bf4 Bf6 15.Qc1 Qc7
16.Qe3 Bd7 17.Qg3 b5 18.Bh6 Qd8 19.axb5 Ng6 20.Bd2 Be5 21.Qf2 axb5 22.Ra7 f5
23.Qe3 Qf6 {#R} 0-1

[Event "Bundesliga 1990/91 (2nd)"]
[Site "masterchessopen.com - Germany"]
[Round "0"]
[White "Hoffmann Michael (GER)"]
[Black "Gerusel Mathias (GER)"]
[Result "1-0"]
[WhiteElo "2465"]
[BlackElo "2239"]

1.d4 c5 2.d5 e5 3.c4 d6 4.e4 g6 5.h4 h5 6.Nc3 Nd7 7.Bg5 f6 8.Bd2 Bh6 9.g3
Bxd2+ 10.Qxd2 Nh6 11.Bh3 a6 12.Nge2 Qa5 13.O-O b5 14.cxb5 axb5 15.a3 c4 16.a4
b4 17.Nb5 Ke7 18.f4 Nc5 19.fxe5 Bxh3 20.Rxf6 Nxe4 21.Qf4 Qxb5 22.Qxe4 Qc5+
23.Kh2 Ng4+ 24.Kxh3 dxe5 25.Raf1 Rhf8 26.d6+ Qxd6 27.Qb7+ {#r} 1-0

[Event "It (open)"]
[Site "masterchessopen.com - Hartberg (Austria)"]
[Round "0"]
[White "Kiss Pal (HUN)"]
[Black "Jurkovic Ante (CRO)"]
[Result "1-0"]
[WhiteElo "2362"]
[BlackElo "2346"]

1.d4 c5 2.d5 e5 3.e4 d6 4.Nc3 Ne7 5.g3 Ng6 6.h4 Be7 7.Bh3 Nd7 8.h5 Ngf8 9.Nf3
a6 10.a4 Nf6 11.Bxc8 Rxc8 12.a5 N8d7 13.Nd2 c4 14.Qe2 Qc7 15.Ra4 Nc5 16.Rxc4
Qxa5 17.b4 Qa1 18.O-O b5 19.Nb3 Nxb3 20.Rxc8+ Kd7 21.cxb3 {#r} 1-0

[Event "Ch Cuba"]
[Site "masterchessopen.com - Holguin (Cuba)"]
[Round "0"]
[White "Calderin Roberto (MEX)"]
[Black "Velez Nestor (CUB)"]
[Result "1-0"]
[WhiteElo "2427"]
[BlackElo "2302"]

1.d4 c5 2.d5 e5 3.e4 d6 4.f4 exf4 5.Bxf4 Ne7 6.Bb5+ Bd7 7.Bxd7+ Qxd7 8.Nf3 Ng6
9.Bg3 h5 10.h3 h4 11.Bh2 Be7 12.O-O Bf6 13.c3 O-O 14.Nbd2 Qe7 15.Nc4 Rd8 16.a4
Qxe4 17.Nxd6 Qe7 18.Qb3 Rxd6 19.Bxd6 Qxd6 20.Qxb7 Qg3 21.Rf2 Nf4 22.Kf1 Nxg2
23.Qxa8 Ne3+ 24.Ke2 Nf5 25.Qb7 Qf4 26.Qc8+ {#r} 1-0

[Event "?"]
[Site "masterchessopen.com - Lombardia (Italy)"]
[Round "0"]
[White "Bozzi Gianni (ITA)"]
[Black "Minieri Filippo (ITA)"]
[Result "1-0"]
[WhiteElo "2190"]
[BlackElo "2120"]

1.d4 c5 2.d5 e5 3.g3 f5 4.Nc3 Nf6 5.Bg2 d6 6.e4 Be7 7.Nge2 O-O 8.O-O b5 9.exf5
b4 10.Ne4 Bxf5 11.Nxc5 dxc5 12.d6 Bxd6 13.Bxa8 Ng4 14.Qd5+ Kh8 15.Be3 Nd7
16.Bc6 Nb6 17.Qg2 Nc4 18.Bc1 Bxc2 19.Be4 Bd1 20.Rxd1 Rxf2 21.Qh3 Rxh2 22.Qxg4
{#r} 1-0

[Event "Ch Armed Forces"]
[Site "masterchessopen.com - Odessa (Ukraine)"]
[Round "0"]
[White "Savchenko Stanislav (UKR)"]
[Black "Rumiancev Gennadij (UKR)"]
[Result "1-0"]
[WhiteElo "2485"]
[BlackElo "2030"]

1.d4 c5 2.d5 e5 3.e4 d6 4.Nc3 a6 5.f4 Nd7 6.a4 exf4 7.Bxf4 g5 8.Bg3 h5 9.h3
Qe7 10.Be2 Ngf6 11.Nf3 Nxe4 12.Nxe4 Qxe4 13.O-O Qg6 14.Bd3 Qg7 15.Qe1+ Kd8
16.Nxg5 Kc7 17.h4 Qxb2 18.Rxf7 Qd4+ 19.Kh1 Qxd5 20.Qc3 Rh6 21.Bc4 Qd4 22.Ne6+
Rxe6 23.Qxd4 cxd4 24.Bxe6 Kc6 25.Raf1 Bh6 26.Bxd7+ Bxd7 27.R1f6 {#r} 1-0

[Event "It (open)"]
[Site "masterchessopen.com - Ponferrada (Spain)"]
[Round "0"]
[White "Solana Suarez Ernesto (ESP)"]
[Black "Cenal Gutierrez Ruben (ESP)"]
[Result "1-0"]
[WhiteElo "2321"]
[BlackElo "2288"]

1.d4 c5 2.d5 e5 3.e4 d6 4.Bb5+ Nd7 5.a4 a6 6.Bd3 Ne7 7.Nc3 Ng6 8.g3 Be7 9.Nf3
Nf6 10.Nd2 b6 11.Qe2 Qc7 12.Ra3 Qa7 13.Nc4 Bh3 14.Bg5 Nd7 15.Bxe7 Kxe7 16.Qh5
Bg2 17.Rg1 Nf6 18.Qf5 h5 19.Rxg2 h4 20.Be2 {#r} 1-0

[Event "It (open)"]
[Site "masterchessopen.com - Alba Adriatica (Italy)"]
[Round "0"]
[White "Chloupek Stanislav (CZE)"]
[Black "Drazic Sinisa (SRB)"]
[Result "0-1"]
[WhiteElo "2338"]
[BlackElo "2504"]

1.d4 c5 2.d5 e5 3.c4 d6 4.Nc3 g6 5.e4 Bg7 6.Be3 f5 7.exf5 gxf5 8.f4 e4 9.Qh5+
Kf8 10.Qd1 Bxc3+ 11.bxc3 Nf6 12.Be2 Rg8 13.g3 Ng4 14.Qd2 Rg7 15.Nh3 Nf6
16.O-O-O Nbd7 17.Nf2 b5 18.g4 Nb6 19.g5 Ng8 20.h4 bxc4 21.h5 Rb8 22.g6 h6
23.Nxe4 Na4 24.Qc2 Qe8 25.Bxc4 Rb2 26.Qxa4 Qxa4 27.Kxb2 Rb7+ {#R} 0-1

[Event "It (open)"]
[Site "masterchessopen.com - Ano Liosia (Greece)"]
[Round "0"]
[White "Grivas Efstratios (GRE)"]
[Black "Koyias Konstantinos (GRE)"]
[Result "1-0"]
[WhiteElo "2465"]
[BlackElo "2217"]

1.d4 c5 2.d5 e5 3.e4 d6 4.Bb5+ Nd7 5.a4 Nf6 6.Nc3 Be7 7.Nf3 O-O 8.O-O Kh8
9.Be2 b6 10.Nd2 a6 11.Ncb1 Rb8 12.Na3 Qc7 13.c3 g6 14.b4 Ne8 15.b5 a5 16.Ndc4
Qd8 17.f4 Bf6 18.Qd3 Qe7 19.Bg4 exf4 20.Bxf4 Bg7 21.Rae1 f6 22.Qg3 Ne5 23.Bxc8
Rxc8 24.Nxb6 Rb8 25.Nbc4 Qd8 26.h3 Rf7 27.Bxe5 {#r} 1-0

[Event "It (open) \"]
[Site "masterchessopen.com - Barcelona (Spain)"]
[Round "0"]
[White "Cotes Martinez Joan (ESP)"]
[Black "Yepes Martinez Eduard (ESP)"]
[Result "0-1"]
[WhiteElo "1765"]
[BlackElo "2256"]

1.d4 c5 2.d5 e5 3.c4 d6 4.Nc3 g6 5.Qa4+ Bd7 6.Qb3 b6 7.Nf3 Be7 8.e4 Na6 9.Be2
h6 10.Be3 Nf6 11.h3 Kf8 12.Qd1 Kg7 13.Qd2 Nc7 14.Nxe5 dxe5 15.d6 Bc6 16.Rd1
Nxe4 17.Nxe4 Bxe4 18.Bf3 Bxf3 19.gxf3 Bxd6 20.Qxd6 Qxd6 21.Rxd6 Rhd8 22.Rxd8
Rxd8 23.f4 e4 24.f5 g5 25.Bd2 Kf6 26.h4 Kxf5 27.hxg5 hxg5 {#R} 0-1

[Event "It (open) (active)"]
[Site "masterchessopen.com - Buehl (Germany)"]
[Round "0"]
[White "Nazarko Shpetim (GER)"]
[Black "Hasecic Sabahudin (BIH)"]
[Result "1-0"]
[WhiteElo "2327"]
[BlackElo "2233"]

1.d4 c5 2.d5 e5 3.c4 d6 4.e4 Be7 5.Nf3 Bg4 6.Be2 Bxf3 7.Bxf3 Bg5 8.Nd2 Nh6
9.Qc2 O-O 10.g3 f5 11.O-O f4 12.Bg2 Nd7 13.Rb1 Kh8 14.a3 fxg3 15.hxg3 Ng4
16.Nf3 Bxc1 17.Qxc1 h6 18.Nh4 Kh7 19.Bh3 h5 20.Nf3 Rf6 21.Qg5 Rf5 22.Qxf5+ g6
{#r} 1-0

[Event "Ch Yugoslavia (team)"]
[Site "masterchessopen.com - Cetinje (Montenegro)"]
[Round "0"]
[White "Tosic Miroslav (SRB)"]
[Black "Ljubisavljevic Zivojin Z (SRB)"]
[Result "1-0"]
[WhiteElo "2435"]
[BlackElo "2221"]

1.d4 c5 2.d5 e5 3.e4 d6 4.Nc3 g6 5.Be2 Bh6 6.Nf3 a6 7.a4 Bg4 8.Nd2 Bxe2 9.Qxe2
Nd7 10.a5 Qe7 11.O-O Ngf6 12.Nc4 Bxc1 13.Raxc1 Nh5 14.g3 Ng7 15.f4 O-O 16.f5
g5 17.Nb6 Rad8 18.Nxd7 Qxd7 19.f6 Ne8 20.Rf5 Kh8 21.Qh5 Rg8 22.Rcf1 Rg6 23.g4
Rb8 24.R1f3 Qd8 25.Rh3 h6 26.Qxh6+ {#r} 1-0

[Event "It"]
[Site "masterchessopen.com - Fishbecks (USA)"]
[Round "0"]
[White "Torres Jose Arturo (VEN)"]
[Black "Duckworth William (MAR)"]
[Result "0-1"]
[WhiteElo "2189"]
[BlackElo "2352"]

1.d4 c5 2.d5 e5 3.e4 d6 4.Nc3 a6 5.a4 Be7 6.b3 b6 7.Be2 Bg5 8.Bb2 g6 9.Nf3 Bh6
10.h4 Bg4 11.Nxe5 Bxe2 12.Nxe2 dxe5 13.Bxe5 Nf6 14.h5 Nbd7 15.Bb2 Qe7 16.Qd3
Rg8 17.Ng3 Bf4 18.hxg6 hxg6 19.O-O Ne5 20.Qe2 Nfg4 21.Bxe5 Qh4 22.Rfe1 Bxe5
{#R} 0-1

[Event "Oberliga North 1991/92"]
[Site "masterchessopen.com - Germany"]
[Round "-57"]
[White "Tatenhorst Volker (GER)"]
[Black "Foerster Andreas (GER)"]
[Result "1-0"]
[WhiteElo "2213"]
[BlackElo "2181"]

1.d4 c5 2.d5 e5 3.e4 d6 4.Nc3 Be7 5.f4 Bf6 6.Nf3 Bg4 7.Bb5+ Nd7 8.f5 g6 9.O-O
gxf5 10.exf5 Bxf5 11.Nh4 Bg6 12.Nxg6 hxg6 13.Qf3 Rh7 14.Ne4 Be7 15.Bg5 f6
16.Bxf6 Nxf6 17.Nxf6+ Bxf6 18.Qxf6 Qxf6 19.Rxf6 O-O-O 20.Bxd7+ Kxd7 21.Raf1
Re7 22.Rxg6 e4 23.Rff6 Kc7 24.Re6 {#r} 1-0

[Event "It (open)"]
[Site "masterchessopen.com - Katowice (Poland)"]
[Round "0"]
[White "Alekseev Vadim (BLR)"]
[Black "Lanc Alois (SVK)"]
[Result "1-0"]
[WhiteElo "2375"]
[BlackElo "2460"]

1.d4 c5 2.d5 e5 3.e4 d6 4.c4 g6 5.Nc3 a6 6.Bd3 Nd7 7.h3 Qe7 8.Nf3 Bh6 9.Bxh6
Nxh6 10.Qd2 Ng8 11.Ne2 f5 12.exf5 e4 13.Bxe4 Qxe4 14.O-O Qxf5 15.Rae1 Kd8
16.Ng3 Qf8 17.Ng5 Nb6 18.Qa5 Kc7 19.Re3 h6 20.N5e4 Bd7 21.Rb3 Bb5 22.cxb5 axb5
23.Qxb5 Ra6 24.a4 Qc8 25.Nxd6 Kxd6 26.Ne4+ Kc7 27.Nxc5 {#r} 1-0

[Event "It (open)"]
[Site "masterchessopen.com - Katowice (Poland)"]
[Round "0"]
[White "Yuferov Sergey N (RUS)"]
[Black "Grabarczyk Miroslaw (POL)"]
[Result "0-1"]
[WhiteElo "2412"]
[BlackElo "2460"]

1.d4 c5 2.d5 e5 3.e4 d6 4.Nc3 Be7 5.Bb5+ Nd7 6.f4 exf4 7.Bxf4 Nf6 8.Nf3 O-O
9.O-O Nh5 10.Bd2 Bf6 11.g4 Bxc3 12.Bxc3 Nhf6 13.Nd2 Qe7 14.Rf4 Ne5 15.Be2
Nfxg4 16.Kh1 Qg5 17.Qf1 Qh6 18.Bxg4 Nxg4 19.Rxg4 Bxg4 20.Qg2 Bh5 21.Nc4 Rad8
22.Rg1 Bg6 23.Qg4 Rfe8 24.Re1 b5 25.Na5 b4 {#R} 0-1

[Event "It (b)"]
[Site "masterchessopen.com - Mesa (Spain)"]
[Round "0"]
[White "Trujillo Ivan (ESP)"]
[Black "Urday Henry (PER)"]
[Result "0-1"]
[WhiteElo "2176"]
[BlackElo "2482"]

1.d4 c5 2.d5 e5 3.dxe6 fxe6 4.e4 Nc6 5.Nc3 Nf6 6.Bg5 Be7 7.Nf3 O-O 8.Qd2 d5
9.exd5 exd5 10.O-O-O d4 11.Bc4+ Kh8 12.Bxf6 Bxf6 13.Ne4 Bg4 14.Be2 Qd5 15.Nxf6
Qxa2 16.Qg5 Bxf3 17.Nxh7 Bxe2 18.Nxf8 Rxf8 19.Rde1 d3 20.Qxc5 Rd8 21.Kd2 Qxb2
22.Rc1 Nd4 23.Qe7 Nb3+ {#R} 0-1

[Event "Ch NRW"]
[Site "masterchessopen.com - Muenster (Germany)"]
[Round "1"]
[White "Stoeber Michael (GER)"]
[Black "Siebrecht Sebastian (GER)"]
[Result "1-0"]
[WhiteElo "2296"]
[BlackElo "2471"]

1.d4 c5 2.d5 e5 3.e4 d6 4.Nc3 g6 5.Bb5+ Nd7 6.f4 Bg7 7.Nf3 Ne7 8.fxe5 dxe5
9.d6 Nc6 10.Nd5 O-O 11.Bxc6 bxc6 12.Ne7+ Kh8 13.O-O Ba6 14.Rf2 Qb6 15.Ng5 Nf6
16.Rxf6 Bxf6 17.Qf3 Bxg5 18.Bxg5 f5 19.Qc3 c4+ 20.Be3 Qb5 21.a4 {#r} 1-0

[Event "NRW-liga (juniors) 1992/93"]
[Site "masterchessopen.com - NRW (Germany)"]
[Round "0"]
[White "Liebig Stefan (GER)"]
[Black "Siebrecht Sebastian (GER)"]
[Result "0-1"]
[WhiteElo "2195"]
[BlackElo "2471"]

1.d4 c5 2.d5 e5 3.c4 d6 4.Nc3 g6 5.e4 Bg7 6.Nf3 Nh6 7.Be2 O-O 8.O-O f5 9.Ne1
f4 10.Nd3 g5 11.f3 Nf7 12.g4 h5 13.h3 Bf6 14.Kg2 Kg7 15.Rh1 Rh8 16.Bd2 Bd7
17.a3 Na6 18.b4 Rh6 19.Qb3 b6 20.Raf1 Qh8 21.Be1 Qh7 22.Bf2 Rh8 23.Qd1 hxg4
{#R} 0-1